| 000 | 00593nam a22001817a 4500 | ||
|---|---|---|---|
| 003 | OSt | ||
| 005 | 20251126162311.0 | ||
| 008 | 251126b |||||||| |||| 00| 0 eng d | ||
| 040 |
_aDWCL-Main lib _cOC |
||
| 082 |
_2vol. 3 _aFil. 657.3 Ac172p 2005 |
||
| 110 | _aAccounting Standards Council | ||
| 245 |
_aPhilippine accounting standards (PAS) volume 3/ _cAccounting Standards Council |
||
| 260 |
_aManila : _bPICPA, _cc2005. |
||
| 300 |
_avarious paging ; _c25 cm. |
||
| 650 | _aAccounting. | ||
| 710 | _aPhil. Institute of Certified Public Accountants | ||
| 942 |
_2ddc _cBK - FIL _evol. 3 _kFil. _n0 |
||
| 999 |
_c6410 _d6410 |
||